000 00503nam a2200145Ia 4500
008 090122s9999 xx 000 0 und d
082 _b9011
_a891.462
100 _aगडकरी
_bराम
_c/
245 _aवेड्यांचा बाजार (संगीत)
600 _aगडकरी
630 _aवेड्यांचा बाजार (संगीत)
700 _aगडकरी
730 _aवेड्यांचा बाजार (संगीत)
942 _cBOOK
999 _c33088
_d33088